Normal view
MARC view
- Commission on Graduates of Foreign Nursing Schools (U.S.).
Entry Corporate Name
001 - CONTROL NUMBER
- control field: 1060
003 - CONTROL NUMBER IDENTIFIER
- control field: URS
005 - DATE AND TIME OF LATEST TRANSACTION
- control field: 20220121161043.0
008 - FIXED-LENGTH DATA ELEMENTS
- fixed length control field: 220121|| aca||aabn | a|a d
040 ## - CATALOGING SOURCE
- Original cataloging agency: URS
110 ## - HEADING--CORPORATE NAME
- Corporate name or jurisdiction name as entry element: Commission on Graduates of Foreign Nursing Schools (U.S.).

Journal of the ASEAN Federation of Endocrine Societies
Journal of the Philippine Dermatological Society
Phil. Children’s Medical Center Journal

Phil. Journal of Health Research & Development
Phil. Journal of Neurology
Philippine Journal of Nuclear Medicine
Philippine Journal of Ophthalmology





JSTOR
Philippine eJournals
Tritech Digital Media
Bangko Sentral ng Pilipinas Resources











Philippine Daily Inquirer
